Wszystkie utwory Eminema - Statystyki

Ogólne statystyki
  • Ten quiz został rozwiązany 72 razy
  • Średni wynik to 77 z 304
Statystyki odpowiedzi
Odpowiedź % Poprawnych
Slim Shady (Intro)
88%
Stan
81%
Stan (Live At 43rd Grammy Awards by Eminem & Elton John)
81%
The Real Slim Shady
79%
Without Me
79%
Lose Yourself
77%
Rap God
74%
Houdini
67%
My Name Is
67%
Not Afraid
67%
Godzilla
65%
Mockingbird
60%
Love the Way You Lie
58%
The Way I Am
58%
The Monster
56%
Infinite
53%
Superman
53%
'Till I Collapse
53%
Venom
51%
Killshot
49%
3 a.m.
47%
Marsh
47%
Sing for the Moment
47%
When I'm Gone
47%
Ass Like That
44%
Berzerk
44%
Cleanin' Out My Closet
44%
FACK
44%
Fuel
44%
Just Lose It
44%
8 Mile
42%
Beautiful
42%
Kamikaze
42%
Kill You
42%
No Love
42%
Shake That
42%
Square Dance
42%
'97 Bonnie & Clyde
40%
Bitch (Skit)
40%
Encore / Curtains Down
40%
Evil
40%
Guilty Conscience
40%
Kim
40%
Like Toy Soldiers
40%
Marshall Mathers
40%
Paul (Skit)
40%
White America
40%
Business
37%
Hailie's Song
37%
I'm Back
37%
My Mom
37%
River
37%
Rock Bottom
37%
Tobey
37%
Alfred (Intro)
35%
Bad Guy
35%
Bitch Please II
35%
Criminal
35%
Forever
35%
Just Don't Give a Fuck
35%
Role Model
35%
Under the Influence
35%
Brain Damage
33%
Cum on Everybody
33%
Curtains Up (Skit)
33%
Drips
33%
Gnat
33%
Lucky You
33%
My Dad's Gone Crazy
33%
Rabbit Run
33%
Soldier
33%
Brand New Dance
30%
Crack a Bottle
30%
Puke
30%
Remember Me?
30%
Remind Me (Intro)
30%
Say What You Say
30%
Still Don't Give a Fuck
30%
When the Music Stops
30%
Alfred (Interlude)
28%
Alfred (Outro)
28%
Amityville
28%
Antichrist
28%
Castle
28%
Curtain Call (Intro)
28%
Déjà vu
28%
Guilty Conscience 2
28%
If I Had
28%
I'm Shady
28%
Not Alike
28%
Premotion (Intro)
28%
Say Goodbye Hollywood
28%
Shady Narcotics (Intro)
28%
Stepdad (Intro)
28%
We Made You
28%
Big Weenie
26%
Drug Ballad
26%
Evil Deeds
26%
Insane
26%
Never Enough
26%
Somebody Save Me
26%
Space Bound
26%
Temporary
26%
Trouble
26%
W.T.P.
26%
Curtains Close (Skit)
23%
Hello
23%
Just the Two of Us
23%
Lucifer
23%
Steve Berman (Skit)
23%
Walk on Water
23%
Yellow Brick Road
23%
313
21%
Buffalo Bill
21%
Cold Wind Blows
21%
Fall
21%
Greatest
21%
Ken Kaniff (Skit)
21%
Nice Guy
21%
Paul Rosenberg (Skit)
21%
Rain Man
21%
The Ringer
21%
Tone Deaf
21%
25 to Life
19%
Alfred's Theme
19%
As the World Turns
19%
Bad Meets Evil
19%
Bad One
19%
Black Magic
19%
Book of Rhymes
19%
Crazy in Love
19%
Elevator
19%
Good Guy
19%
Habits
19%
Higher
19%
Legacy
19%
Medicine Ball
19%
Mosh
19%
Murder, Murder
19%
Must Be the Ganja
19%
My 1st Single
19%
My Darling
19%
My Fault
19%
No Apologies
19%
Normal
19%
One Shot 2 Shot
19%
Road Rage
19%
Same Song & Dance
19%
So Much Better
19%
The Kiss (Skit)
19%
Underground
19%
Who Knew
19%
Zeus
19%
Arose
16%
Bagpipes From Baghdad
16%
Bump Heads
16%
Darkness
16%
Framed
16%
Head Honcho
16%
In Your Head
16%
Killer
16%
Love Game
16%
Love Me
16%
Love You More
16%
On Fire
16%
Public Service Announcement
16%
Renaissance
16%
Revival (Interlude)
16%
Seduction
16%
So Bad
16%
Stepping Stone
16%
Talkin' 2 Myself
16%
The King and I
16%
Tonite
16%
Untitled
16%
We as Americans
16%
Won't Back Down
16%
Backstabber
14%
Bad Husband
14%
Brainless
14%
Chloraseptic
14%
Discombobulated
14%
Em Calls Paul (Skit)
14%
From the D 2 the LBC
14%
Going Through Changes
14%
Headlights
14%
Key (Skit)
14%
Kings Never Die
14%
Phenomenal
14%
Public Service Announcement 2000
14%
Ridaz
14%
Session One
14%
Stay Wide Awake
14%
Yah Yah
14%
You Don't Know
14%
You Gon' Learn
14%
You're Never Over
14%
Almost Famous
12%
Beautiful Pain
12%
Breaking News (Skit)
12%
Cinderella Man
12%
Die Alone
12%
Dr. West (Skit)
12%
Farewell
12%
Guts Over Fear
12%
In Too Deep
12%
Jimmy, Brian and Mike
12%
Little Engine
12%
Mommy (Skit)
12%
Mr. Mathers (Skit)
12%
Music Box
12%
Old Time's Sake
12%
Parking Lot (Skit)
12%
Spend Some Time
12%
Tonya (Skit)
12%
Tragic Endings
12%
Unaccommodating
12%
Untouchable
12%
W.E.G.O.
12%
We're Back
12%
All You Got (Skit)
9%
Asshole
9%
Careful What You Wish For
9%
Detroit vs. Everybody
9%
Drop the Bomb on 'Em
9%
Evil Twin
9%
Favorite Bitch
9%
Final Thought (Skit)
9%
Guess Who's Back (Skit)
9%
Guns Blazing
9%
Heat
9%
Hell Breaks Loose
9%
It's O.K.
9%
I Will
9%
Lock It Up
9%
Lounge (Skit)
9%
No Regrets
9%
Nowhere Fast
9%
Offended
9%
Open Mic
9%
Public Enemy #1
9%
Remind Me
9%
Rhyme or Reason
9%
She Loves Me
9%
Soap (Skit)
9%
So Far...
9%
Stepdad
9%
Stronger Than I Was
9%
Survival
9%
Taking My Ball
9%
Those Kinda Nights
9%
Baby
7%
Believe
7%
Campaign Speech
7%
Desperation
7%
Fine Line
7%
Jealousy Woes II
7%
Jimmy Crack Corn
7%
Leaving Heaven
7%
Like Home
7%
Low Down, Dirty
7%
Maxine
7%
Need Me
7%
Never Love Again
7%
No One's Iller
7%
Realest
7%
Ricky Ticky Toc
7%
Right for Me
7%
Searchin'
7%
Shady XV
7%
Stimulate
7%
The Re-Up
7%
These Demons
7%
Thus Far
7%
Groundhog Day
5%
Is This Love ('09)
5%
Never 2 Far
5%
One Day at a Time (Em's Version)
5%
The Adventures of Moon Man & Slim Shady
5%
The Conspiracy Freestyle
5%
Wicked Days
5%
Nie znaleziono quizów pasujących do podanych kryteriów
Rozkład punktacji
Procent ludzi z każdym wynikiem
Percentyl według liczby udzielonych odpowiedzi
Twoja historia wyników
Nie rozwiązałeś tego quizu